Mýtus velké Etiopie
História Etiopie a Eritrei. Koloniálna minulosť Eritrei. Znovuzjednotenie a rozdelenie Etiopie a Eritrei. Hľadanie národnej identity.
Na minha lista:
| Autor principal: | |
|---|---|
| Formato: | Capítulo de Livro |
| Idioma: | tcheco |
| Assuntos: | |
| Tags: |
Sem tags, seja o primeiro a adicionar uma tag!
|
MARC
| LEADER | 00000naa a2200000 4500 | ||
|---|---|---|---|
| 001 | r032967 | ||
| 005 | 20230927115935.4 | ||
| 041 | 0 | |a cze | |
| 044 | |a CZ | ||
| 245 | 1 | 0 | |a Mýtus velké Etiopie |c Berhanu Done Halabo |
| 520 | |a História Etiopie a Eritrei. Koloniálna minulosť Eritrei. Znovuzjednotenie a rozdelenie Etiopie a Eritrei. Hľadanie národnej identity. | ||
| 610 | 2 | 0 | |a Etiópia |
| 610 | 2 | 0 | |a Eritrea |
| 610 | 2 | 0 | |a vývoj hospodársky |
| 610 | 2 | 0 | |a história |
| 610 | 2 | 0 | |a boj politický |
| 610 | 2 | 0 | |a ideológia |
| 100 | 1 | |a Halabo, Berhanu Done | |